Baila Baila Baila - Ozuna - Estadísticas

Estadísticas generales
  • Esta prueba ha sido intentada 28 veces
  • La puntuación promedio es 159 de 230
Estadísticas de respuestas
Letra Respuesta % Correcto
baila
100%
Baila
100%
a
95%
e'
95%
es
95%
no
95%
No
95%
pa
95%
pa'
95%
par
95%
que
95%
música
89%
de
84%
el
84%
la
84%
pare
84%
esto
79%
se
79%
su
79%
te
79%
acabe
74%
amiga
74%
amiga'
74%
amor
74%
Verso 1 Ella
74%
en
74%
esta
74%
amistade'
68%
casi
68%
pero
68%
Pero
68%
sale
68%
tengo
68%
Tengo
68%
traicionó
68%
un
68%
ve
68%
ve'
68%
Y
68%
ante'
63%
besarte
63%
canción
63%
Donde
63%
ha
63%
llamó
63%
ni
63%
ponle
63%
relación
63%
tiene
63%
va
63%
va'
63%
ilusión
58%
quiere
58%
sobresale
58%
con
53%
lo
53%
Me
53%
me
53%
ojo'
53%
Por
53%
por
53%
sus
53%
53%
tu
53%
olvide
47%
gusta
42%
como
37%
más
37%
así
32%
noche
32%
vas
32%
conmigo
26%
Conmigo
26%
hace
26%
tienes
26%
algo
21%
alguien
21%
aquí
21%
besándote
21%
gustas
21%
hacer
21%
imaginándote
21%
Moviéndote
21%
olvidar
21%
pueda'
21%
sentido
21%
sentir
21%
cuello
16%
demasiado
16%
deseándote
16%
mejor
16%
timide'
16%
Toda
16%
agarrándote
11%
Dejando
11%
mano
11%
sentirte
11%
No se encontraron pruebas coincidentes
Distribución de puntuación
Porcentaje de gente con cada puntuación
Porcentaje por número respondido
Historial de tus puntuaciones
No has intentado esta prueba.